ბათუმის შოთა რუსთაველის სახელმწიფო უნივერსიტეტის ბიბლიოთეკა

Роль орудия в развитии человека : (ბიბ.ჩანაწერი № 61168)

000 -LEADER
fixed length control field 00750nam a22001817a 4500
005 - DATE AND TIME OF LATEST TRANSACTION
control field 20231226170134.0
008 - FIXED-LENGTH DATA ELEMENTS--GENERAL INFORMATION
fixed length control field 231226s1925 ru ||||| |||| 00| 0 rus d
041 ## - LANGUAGE CODE
Language code of text/sound track or separate title rus
080 ## - UNIVERSAL DECIMAL CLASSIFICATION NUMBER
Universal Decimal Classification number 1(091) P-67
245 ## - TITLE STATEMENT
Title Роль орудия в развитии человека :
Remainder of title Сборник статей /
Statement of responsibility, etc. Э. Капп, Г. Кунов, Л. Нуаре, А. Эспинас.
264 ## - PRODUCTION, PUBLICATION, DISTRIBUTION, MANUFACTURE, AND COPYRIGHT NOTICE
Place of production, publication, distribution, manufacture Ленинград :
Name of producer, publisher, distributor, manufacturer Прибой,
Date of production, publication, distribution, manufacture, or copyright notice 1925.
300 ## - PHYSICAL DESCRIPTION
Extent 191 с. :
Other physical details 21 см.
653 ## - INDEX TERM--UNCONTROLLED
keyword ადამიანის განვითარება
700 ## - ADDED ENTRY--PERSONAL NAME
Personal name Капп, Л.
Relator term ავტორი
9 (RLIN) 20899
700 ## - ADDED ENTRY--PERSONAL NAME
Personal name НУАРЕ, Л.
Relator term ავტორი
9 (RLIN) 20900
700 ## - ADDED ENTRY--PERSONAL NAME
Personal name ЭСПИНАС, А.
Relator term ავტორი
9 (RLIN) 20901
942 ## - ADDED ENTRY ELEMENTS (KOHA)
Source of classification or shelving scheme
Koha item type წიგნი
ეგზემპლარები
Withdrawn status Lost status Source of classification or shelving scheme Damaged status Not for loan Permanent Location Current Location Shelving location Date acquired Cost, normal purchase price Full call number Barcode Date last seen Copy number Uniform Resource Identifier Price effective from Koha item type Public note
          ბათუმის შოთა რუსთაველის სახელმწიფო უნივერსიტეტის მთავარი ბიბლიოთეკა ბათუმის შოთა რუსთაველის სახელმწიფო უნივერსიტეტის მთავარი ბიბლიოთეკა წიგნსაცავი 2023-12-26 6.00 1(091) P-67 65679 2023-12-26 65679 ბსუ-ს საპატიო დოქტორის გურამ ლორთქიფანიძის საჩუქარი 2023-12-26 წიგნი 6 ლ.